000 00903nmc a2200301 a 4500
003 AR-BaBNM
005 20251128205043.0
008 186019s1994 ||||||||||||||000 | spa||
020 _a950-582-334-7
040 _cAR-BaBNM
245 1 0 _aJuegos que vienen de antes
_bincorporando el patio a la pedagogía
260 _aBuenos Aires
_bHumanitas
_c1994
300 0 _a126 p.
490 0 _aCosmovisión
504 _aContiene bibliografía en notas a pie de página
650 4 _aJUEGOS EDUCATIVOS
650 4 _aJUEGOS INFANTILES
650 4 _aINVESTIGADORES EN EDUCACION
700 1 _aPavía, Victor Alberto
700 1 _aRusso, Fernando
700 1 _aSantanera, Javier Enrique
700 1 _aTrpín, María
700 1 _aGoicochea, Ana María
_eprologuista
700 1 _aVillanueva, Guillermo
_eprologuista
800 1 _aMosquera Sierra, Elda
_edirector
942 _cBK
998 _cSILVI
999 _c9796
_d9796